00369nam a22001457a 4500003000400000008004100004020001800045082001500063100001800078245005500096250001400151260003600165300001100201650001100212OSt250926b |||||||| |||| 00| 0 eng d a9780749464462 a746.92 TUF aTUNGATE, Mark aFashion Brands :Branding Style from Armani to Zara a3rd. ed., aLondon,bKogan Page Ltd,c2015, a228 p. aB.FAD.